مكتبة جامعة عجلون الوطنية

فهرس بحث المكتبة

حقيبة طالب العلم الأقتصادية(5): بحوث في الاقتصاد الاسلامي (Record no. 24780)

MARC details
000 -LEADER
fixed length control field 00855nam a2200217Ii 4500
003 - CONTROL NUMBER IDENTIFIER
control field JO-AjNU
008 - FIXED-LENGTH DATA ELEMENTS--GENERAL INFORMATION
fixed length control field 230605s9999||||xx |||||||||||||| ||und||
040 ## - CATALOGING SOURCE
Original cataloging agency JO-AjNU
Language of cataloging ara
Description conventions rda
Transcribing agency JO-AjNU
041 ## - LANGUAGE CODE
Language code of text/sound track or separate title ara
050 14 - LIBRARY OF CONGRESS CALL NUMBER
Classification number BP144.D332 2013
100 3# - MAIN ENTRY--PERSONAL NAME
Personal name تأليف داغي، علي محي الدين القره ,
Relator term author
9 (RLIN) 48436
245 00 - TITLE STATEMENT
Title حقيبة طالب العلم الأقتصادية(5): بحوث في الاقتصاد الاسلامي
250 ## - EDITION STATEMENT
Edition statement ط2
264 31 - PRODUCTION, PUBLICATION, DISTRIBUTION, MANUFACTURE, AND COPYRIGHT NOTICE
Place of production, publication, distribution, manufacture بيروت : شركة دار البشائر الإسلامية، 2013
300 ## - PHYSICAL DESCRIPTION
Extent الكتاب الرابع، 479ص
336 ## - CONTENT TYPE
Content type term text
Content type code txt
Source rdacontent
337 ## - MEDIA TYPE
Media type term unmediated
Media type code n
Source rdamedia
338 ## - CARRIER TYPE
Carrier type term volume
Carrier type code nc
Source rdacarrier
490 0# - SERIES STATEMENT
Series statement حقيبة طالب العلم الاقتصادية (5)
650 #4 - SUBJECT ADDED ENTRY--TOPICAL TERM
Topical term or geographic name entry element بحوث الاقتصاد الاسلامي
9 (RLIN) 48437
Holdings
Withdrawn status Lost status Source of classification or shelving scheme Damaged status Not for loan Home library Current library Shelving location Date acquired Total Checkouts Full call number Barcode Date last seen Price effective from Koha item type
    Library of Congress Classification     مكتبة جامعة عجلون الوطنية مكتبة جامعة عجلون الوطنية المراجع 06/06/2023   BP144.D332 2013 A21212 06/06/2023 06/06/2023 Reference